header

A technical guide to IPSec virtual private networks (Record no. 154350)

MARC details
000 -LEADER
fixed length control field 01199nam a22003014a 4500
082 04 - DEWEY DECIMAL CLASSIFICATION NUMBER
Classification number 005.8
100 1# - MAIN ENTRY--AUTHOR NAME
Personal name Tiller, James S.
245 12 - TITLE STATEMENT
Title A technical guide to IPSec virtual private networks
260 ## - PUBLICATION, DISTRIBUTION, ETC. (IMPRINT)
Place of publication Boca Raton, FL :
Name of publisher CRC Press,
Year of publication c2001.
300 ## - PHYSICAL DESCRIPTION
Number of Pages xxv, 345 p. :
Other physical details ill.
650 #0 - SUBJECT ADDED ENTRY--TOPICAL TERM
Topical Term Extranets (Computer networks)
Topical Term IPSec (Computer network protocol)
856 40 - ELECTRONIC LOCATION AND ACCESS
Uniform Resource Identifier http://site.ebrary.com/lib/rucke/Doc?id=10074937

No items available.

© 2026 Rongo University
Contact us: librarian | system librarian | Rongo university